| 000 | 005310000a22001810004500 | ||
|---|---|---|---|
| 003 | MACL | ||
| 005 | 20160304131306.0 | ||
| 008 | 160304b xxu||||| |||| 00| 0 eng d | ||
| 040 |
_aMACL _cMACL |
||
| 041 | _aHindi | ||
| 082 | _a796 | ||
| 100 |
_aपाझडेय लक्ष्मी कांत _942598 |
||
| 245 | _aभूले बिसरे खेल | ||
| 260 |
_bमेट्रोपोलिटन _c1983 _aनई दिल्ली |
||
| 350 | _a30 | ||
| 650 |
_aSports _942599 |
||
| 942 |
_cHIN _k796 _2ddc |
||
| 999 |
_c28400 _d28400 |
||